[Event "Open <1400, Pro Evolution Echecs"]
[Site "?"]
[Date "2013.07.11"]
[Round "6.2"]
[White "Prod'homme, Thomas"]
[Black "Feil, Alexander"]
[Result "0-1"]
[WhiteElo "1290"]
[BlackElo "1398"]
[PlyCount "104"]
[SourceDate "2013.07.07"]

1. d4 d5 2. c4 dxc4 3. Nc3 Bf5 4. e3 Nf6 5. Bxc4 e6 6. Nf3 Bb4 7. a3 Ba5 8. b4
Bb6 9. d5 O-O 10. dxe6 Qxd1+ 11. Nxd1 Bxe6 12. Bxe6 fxe6 13. O-O a6 14. Bb2 h6
15. Nd4 Re8 16. Bc3 Nbd7 17. Nb2 Ne4 18. Rac1 c6 19. Rfd1 Rad8 20. Nc4 Bc7 21.
Bb2 Nf8 22. f3 Nf6 23. f4 Nd5 24. Nf3 b5 25. Nce5 Nxe3 26. Rxd8 Rxd8 27. Nxc6
Rd1+ 28. Rxd1 Nxd1 29. Be5 Bb6+ 30. Nfd4 Ne3 31. Kf2 Nc2 32. g4 Nxa3 33. Kg3
Nc4 34. Kh4 Nxe5 35. Nxe5 Bxd4 36. Nc6 Bf6+ 37. g5 Ng6+ 38. Kh5 Nxf4+ 39. Kg4
Bxg5 40. Ne5 Nd5 41. h4 Bf6 42. Nd3 Bc3 43. Nc5 Nxb4 44. Nxe6 Nd5 45. Kf5 b4
46. Kg6 b3 47. Nxg7 Bxg7 48. h5 b2 49. Kf5 b1=Q+ 50. Kg4 Qe4+ 51. Kh3 Qf3+ 52.
Kh4 Bf6# 0-1

[Event "Open <1400, Pro Evolution Echecs"]
[Site "?"]
[Date "2013.07.11"]
[Round "6.3"]
[White "Lefebvre, Matthieu"]
[Black "BeneteauDesmoulieres, Elian"]
[Result "1/2-1/2"]
[WhiteElo "1380"]
[BlackElo "1132"]
[PlyCount "59"]
[SourceDate "2013.07.07"]

1. e4 c5 2. Nf3 e6 3. d4 cxd4 4. Nxd4 Nc6 5. Nc3 Qc7 6. Bb5 Nf6 7. Bg5 Be7 8.
O-O O-O 9. Re1 a6 10. Bxc6 bxc6 11. Qd2 d5 12. e5 Ng4 13. h3 Bxg5 14. Qxg5 Nh6
15. Re3 f6 16. Qg3 c5 17. Nxe6 Bxe6 18. exf6 Qxg3 19. f7+ Rxf7 20. Rxg3 Rb8 21.
b3 Rbf8 22. Re1 d4 23. Rxe6 dxc3 24. Rxh6 Rxf2 25. Rxa6 Rxc2 26. Ra7 g6 27. Rd7
Rc1+ 28. Kh2 c2 29. Rc3 Ra8 30. a4 1/2-1/2

[Event "Open <1400, Pro Evolution Echecs"]
[Site "?"]
[Date "2013.07.11"]
[Round "6.4"]
[White "Troubat, Alexandre"]
[Black "Guerlach, Elie"]
[Result "1-0"]
[WhiteElo "1343"]
[BlackElo "1040"]
[PlyCount "95"]
[SourceDate "2013.07.07"]

1. e4 e5 2. f4 d6 3. Nf3 Nc6 4. Bb5 Bd7 5. Nc3 Be7 6. O-O Nf6 7. d3 a6 8. Ba4
b5 9. Bb3 Nd4 10. Nxd4 exd4 11. Ne2 O-O 12. Qe1 h6 13. Nxd4 c5 14. Nf3 Rc8 15.
c4 bxc4 16. Bxc4 Rc6 17. Bd2 Qc8 18. Bc3 Be6 19. Bxe6 Qxe6 20. f5 Qd7 21. e5
dxe5 22. Nxe5 Qb7 23. Nxc6 Qxc6 24. Qxe7 Re8 25. Qa7 Ra8 26. Qe7 Re8 27. Qa7
Ra8 28. Qxa8+ Qxa8 29. Bxf6 gxf6 30. Rf3 Qd5 31. Kf1 c4 32. Rd1 a5 33. d4 Qb5
34. Rc3 Qxf5+ 35. Kg1 Qb5 36. Rd2 Qg5 37. Rg3 Qxg3 38. hxg3 a4 39. Rc2 a3 40.
bxa3 Kf8 41. Rxc4 Ke7 42. Rc5 Kd6 43. a4 Kd7 44. a5 Ke8 45. a6 Kf8 46. a7 Kg7
47. a8=Q Kg6 48. Qg8# 1-0

[Event "Open <1400, Pro Evolution Echecs"]
[Site "?"]
[Date "2013.07.11"]
[Round "6.5"]
[White "Clipcea, Caius"]
[Black "Viard, Matteo"]
[Result "1-0"]
[WhiteElo "1298"]
[BlackElo "1010"]
[PlyCount "37"]
[SourceDate "2013.07.07"]

1. d4 d5 2. c4 Nf6 3. Nc3 dxc4 4. e4 Nc6 5. Be3 e5 6. d5 Na5 7. Qa4+ Bd7 8.
Qxa5 b6 9. Qa6 Bb4 10. Qxc4 Bxc3+ 11. Qxc3 Qe7 12. f3 Rc8 13. Bc4 b5 14. Bb3 a6
15. Bc5 Qd8 16. Qxe5+ Be6 17. dxe6 Ng8 18. Qxg7 Qf6 19. Qf8# 1-0

[Event "Open <1400, Pro Evolution Echecs St Lô"]
[Site "?"]
[Date "2013.07.12"]
[Round "7.1"]
[White "Aumont, Tom"]
[Black "Troubat, Alexandre"]
[Result "1/2-1/2"]
[WhiteElo "1328"]
[BlackElo "1343"]
[PlyCount "39"]
[SourceDate "2013.07.07"]

1. d4 Nf6 2. c4 c5 3. e3 g6 4. Nf3 Bg7 5. Nc3 O-O 6. Be2 a6 7. O-O Qc7 8. Rb1
d6 9. Re1 Bf5 10. Bd3 Bxd3 11. Qxd3 Nfd7 12. Nd5 Qd8 13. Bd2 e6 14. Nc3 Nc6 15.
Ne2 Re8 16. Kf1 Qc7 17. Kg1 Qd8 18. Kf1 Qc7 19. Kg1 Qd8 20. Kf1 1/2-1/2

[Event "Open <1400, Pro Evolution Echecs St Lô"]
[Site "?"]
[Date "2013.07.12"]
[Round "7.2"]
[White "Juran, Baptiste"]
[Black "Clipcea, Caius"]
[Result "0-1"]
[WhiteElo "1312"]
[BlackElo "1289"]
[PlyCount "74"]
[SourceDate "2013.07.07"]

1. e4 c5 2. Nf3 d6 3. d4 cxd4 4. Nxd4 Nf6 5. Nc3 g6 6. Bc4 Bg7 7. f3 O-O 8. Be3
Nc6 9. Nde2 Bd7 10. Qd2 a6 11. O-O-O b5 12. Bb3 Na5 13. g4 Nxb3+ 14. axb3 Qc7
15. h4 Rfc8 16. Rdg1 b4 17. Na2 a5 18. Nd4 Rab8 19. Kb1 Bc6 20. h5 Nxe4 21.
fxe4 Bxe4 22. Rh2 e5 23. Rc1 exd4 24. Bxd4 Bxc2+ 25. Ka1 Bxd4 26. Qxd4 Rb5 27.
Rhxc2 Qxc2 28. Rxc2 Rxc2 29. h6 Re5 30. Qd1 Ree2 31. Qb1 d5 32. Nc1 Rh2 33. Nd3
f5 34. gxf5 gxf5 35. Qf1 a4 36. bxa4 b3 37. Qxf5 Rh1+ 0-1

[Event "Open <1400, Pro Evolution Echecs St Lô"]
[Site "?"]
[Date "2013.07.12"]
[Round "7.3"]
[White "Feil, Alexander"]
[Black "Safonau, Yauheni"]
[Result "0-1"]
[WhiteElo "1398"]
[BlackElo "1009"]
[PlyCount "110"]
[SourceDate "2013.07.07"]

1. e4 c5 2. d4 cxd4 3. c3 dxc3 4. Nxc3 e5 5. Nf3 Nc6 6. Bc4 Bc5 7. O-O Nf6 8.
h3 O-O 9. Bg5 h6 10. Bh4 d6 11. a3 Be6 12. Be2 Nd4 13. Nxd4 Bxd4 14. Bf3 Rc8
15. Qd2 Bc4 16. Rfd1 Bxc3 17. bxc3 Rc6 18. Rab1 b6 19. Qc2 Qe7 20. Qd2 Qe6 21.
Bxf6 Qxf6 22. Bg4 Be6 23. Rdc1 Bxg4 24. hxg4 Qf4 25. Qe2 Rfc8 26. c4 a6 27. a4
Rc5 28. Rd1 Rxc4 29. Rxb6 Rc1 30. Rb1 Rxb1 31. Rxb1 Rc1+ 32. Rxc1 Qxc1+ 33. Kh2
Qc6 34. a5 Kh7 35. f3 Kg6 36. Kg3 Kf6 37. Qd2 Ke7 38. g5 h5 39. Kh4 g6 40. Qb4
Kd7 41. Qb3 Ke7 42. Qb6 Qxb6 43. axb6 Kd7 44. b7 Kc7 45. Kg3 a5 46. Kf2 a4 47.
Ke2 a3 48. Kd2 a2 49. g4 hxg4 50. fxg4 a1=Q 51. Kd3 Kxb7 52. Kc4 Qd4+ 53. Kb3
Qc5 54. Ka4 Qb6 55. Ka3 Kc6 0-1

[Event "Open <1400, Pro Evolution Echecs St Lô"]
[Site "?"]
[Date "2013.07.12"]
[Round "7.4"]
[White "Tribout, Alexandre"]
[Black "Juran, Paul"]
[Result "0-1"]
[WhiteElo "1009"]
[BlackElo "1200"]
[PlyCount "66"]
[SourceDate "2013.07.07"]

1. e4 e5 2. Nf3 Nc6 3. d4 exd4 4. Nxd4 Bc5 5. Be3 Nf6 6. Nc3 Bb4 7. Bg5 h6 8.
Bxf6 Qxf6 9. a3 Ba5 10. Ndb5 a6 11. b4 axb5 12. bxa5 Qxc3+ 13. Ke2 Qc4+ 14. Ke1
Qxe4+ 15. Qe2 Qxe2+ 16. Bxe2 O-O 17. Bxb5 Nd4 18. Bd3 Re8+ 19. Kd2 Rxa5 20.
Rhe1 Rae5 21. f4 Rxe1 22. Rxe1 Re6 23. Re4 Nc6 24. f5 Rxe4 25. Bxe4 d5 26. Bxd5
Bxf5 27. c4 Ne5 28. Ke3 c6 29. Be4 Nxc4+ 30. Kd4 Bxe4 31. Kxe4 Nxa3 32. g4 Kh7
33. Kf5 g6+ 0-1

[Event "Open <1400, Pro Evolution Echecs St Lô"]
[Site "?"]
[Date "2013.07.12"]
[Round "7.5"]
[White "Costerousse, Gaïane"]
[Black "Lefebvre, Matthieu"]
[Result "0-1"]
[WhiteElo "1100"]
[BlackElo "1380"]
[PlyCount "100"]
[SourceDate "2013.07.07"]

1. e4 c5 2. Nf3 e6 3. d4 cxd4 4. c3 d5 5. cxd4 dxe4 6. Ne5 Bd6 7. Bf4 f6 8.
Bb5+ Ke7 9. Nc3 g5 10. Nc6+ bxc6 11. Bxd6+ Qxd6 12. Bc4 Ba6 13. Bb3 Nh6 14.
Nxe4 Qb4+ 15. Nc3 Bc4 16. Ba4 Bd5 17. O-O Nf5 18. Nxd5+ cxd5 19. Re1 Qxd4 20.
Bc2 Qxd1 21. Raxd1 Ng7 22. Bb3 Na6 23. Bxd5 Rad8 24. g3 Nc7 25. Bc4 Rxd1 26.
Rxd1 Rd8 27. Re1 Kf7 28. f4 gxf4 29. gxf4 Rd4 30. Bb3 Rxf4 31. Kg2 Rd4 32. Kh1
Rd2 33. Rc1 Nd5 34. Rc6 Rxb2 35. Rd6 Nb6 36. Rd8 Kg6 37. Rg8 Kh6 38. Rf8 f5 39.
Rf6+ Kg5 40. Rf7 Kg6 41. Rxa7 Nd5 42. Bxd5 exd5 43. Ra6+ Kg5 44. Rd6 Rxa2 45.
Rxd5 Nh5 46. Rd7 h6 47. Rd8 Kf4 48. Rd4+ Kf3 49. h3 Ng3+ 50. Kg1 Rg2# 0-1

[Event "Open <1400, Pro Evolution Echecs St Lô"]
[Site "?"]
[Date "2013.07.13"]
[Round "8.1"]
[White "Juran, Paul"]
[Black "Aumont, Tom"]
[Result "1-0"]
[WhiteElo "1200"]
[BlackElo "1328"]
[PlyCount "63"]
[SourceDate "2013.07.07"]

1. e4 e6 2. d4 d5 3. exd5 exd5 4. c4 c6 5. Nc3 Nf6 6. Bg5 Be7 7. Bd3 Qb6 8.
Bxf6 Bxf6 9. cxd5 Qxb2 10. Qe2+ Qxe2+ 11. Ngxe2 Bd7 12. O-O O-O 13. Rab1 b6 14.
Be4 Re8 15. Bf3 Rc8 16. Rbd1 cxd5 17. Nxd5 Bc6 18. Rc1 Kf8 19. Nb4 Re8 20. Nxc6
Bg5 21. Rcd1 Nd7 22. Ne5 Rad8 23. Nxd7+ Rxd7 24. Bc6 Rxe2 25. Bxd7 Rxa2 26. d5
Ke7 27. Bc6 Kd6 28. Ra1 Rc2 29. Rxa7 Be7 30. Rd7+ Ke5 31. Rxe7+ Kd6 32. Rxf7
1-0

[Event "Open <1400, Pro Evolution Echecs St Lô"]
[Site "?"]
[Date "2013.07.13"]
[Round "8.2"]
[White "Safonau, Yauheni"]
[Black "Clipcea, Caius"]
[Result "0-1"]
[WhiteElo "1009"]
[BlackElo "1298"]
[PlyCount "34"]
[SourceDate "2013.07.07"]

1. e4 c5 2. Nf3 d6 3. d4 cxd4 4. Nxd4 Nf6 5. Nc3 g6 6. Bc4 Bg7 7. Be3 O-O 8.
O-O Nc6 9. Nxc6 bxc6 10. Bb3 Bd7 11. Bf4 Ne8 12. Qd2 Nc7 13. Rfd1 Ne6 14. Ba4
c5 15. Bh6 Rb8 16. Bxg7 Kxg7 17. Bxd7 Qxd7 {suite illisible...} 0-1

[Event "Open <1400, Pro Evolution Echecs St Lô"]
[Site "?"]
[Date "2013.07.13"]
[Round "8.3"]
[White "Troubat, Alexandre"]
[Black "BeneteauDesmoulieres, Elian"]
[Result "1-0"]
[WhiteElo "1343"]
[BlackElo "1132"]
[PlyCount "77"]
[SourceDate "2013.07.07"]

1. e4 c5 2. Nf3 e6 3. d4 cxd4 4. Nxd4 Nc6 5. Nc3 Qc7 6. Be3 a6 7. Bc4 Nf6 8. f3
Bc5 9. Bb3 Bb6 10. Nxc6 bxc6 11. Bxb6 Qxb6 12. Qd3 O-O 13. Rf1 Bb7 14. O-O-O d5
15. exd5 cxd5 16. Qd4 Qxd4 17. Rxd4 Rac8 18. Re1 Rfe8 19. Rb4 Re7 20. Na4 Bc6
21. Re3 Rb7 22. Rxb7 Bxb7 23. Rc3 Rb8 24. Rc7 e5 25. Nc5 Bc8 26. Re7 Rb5 27.
Rc7 Rb8 28. Ra7 Rb6 29. Ra8 Rc6 30. Nxa6 Kf8 31. Ba4 Rxa6 32. Rxc8+ Ke7 33. Bb3
e4 34. fxe4 dxe4 35. Rc7+ Kd6 36. Rxf7 e3 37. Rxg7 h5 38. Rg6 Ke5 39. Kd1 1-0

[Event "Open <1400, Pro Evolution Echecs St Lô"]
[Site "?"]
[Date "2013.07.13"]
[Round "8.4"]
[White "Prod'homme, Thomas"]
[Black "Juran, Baptiste"]
[Result "0-1"]
[WhiteElo "1290"]
[BlackElo "1312"]
[PlyCount "112"]
[SourceDate "2013.07.07"]

1. e4 e6 2. d4 d5 3. exd5 exd5 4. Nc3 Nf6 5. Nf3 Bd6 6. Bg5 O-O 7. Bxf6 Qxf6 8.
Nxd5 Qe6+ 9. Ne3 Bf4 10. Qd3 Re8 11. g3 Bxe3 12. fxe3 Qxe3+ 13. Qxe3 Rxe3+ 14.
Be2 Bg4 15. Kd2 Rxf3 16. Bxf3 Bxf3 17. Rhf1 Bc6 18. Rae1 Na6 19. h4 Rd8 20. c3
Bd5 21. Rf5 Bxa2 22. Rfe5 Be6 23. Kd3 h6 24. c4 c6 25. b3 b6 26. Ke4 Nc7 27.
Rd1 f5+ 28. Kf4 Kf7 29. c5 Nd5+ 30. Kf3 b5 31. Rde1 Re8 32. Ra1 Re7 33. Ke2 Kf6
34. Rf1 g5 35. hxg5+ hxg5 36. g4 f4 37. Kf3 Ne3 38. Rh1 Bd5+ 39. Kf2 Bxh1 40.
Rxe7 Kxe7 41. b4 Nxg4+ 42. Kg1 Bd5 43. Kf1 Kf6 44. Kg1 Kf5 45. Kf1 Ke4 46. Kg1
Ne3 47. Kh1 f3 48. Kg1 g4 49. Kh1 f2 50. Kh2 f1=Q 51. Kg3 Qf3+ 52. Kh4 Ng2+ 53.
Kg5 Qf5+ 54. Kh6 Nf4 55. Kg7 Qf7+ 56. Kh6 Qg6# 0-1

[Event "Open <1400, Pro Evolution Echecs St Lô"]
[Site "?"]
[Date "2013.07.13"]
[Round "8.5"]
[White "Marechal-Dinelli, Jean-Baptiste"]
[Black "Lefebvre, Matthieu"]
[Result "0-1"]
[WhiteElo "1280"]
[BlackElo "1380"]
[PlyCount "70"]
[SourceDate "2013.07.07"]

1. e4 c5 2. d4 cxd4 3. Qxd4 Nc6 4. Qd1 d6 5. Bb5 Bd7 6. c4 e6 7. Qa4 a6 8. Bxc6
Bxc6 9. Qb3 Bxe4 10. f3 Bc6 11. Ne2 Nf6 12. Nd4 Rb8 13. Nxc6 bxc6 14. Qa4 Qb6
15. Nc3 Be7 16. Bd2 O-O 17. b3 Nd7 18. O-O-O Nc5 19. Qa3 d5 20. Kc2 Qc7 21. Rb1
Nxb3 22. Qxb3 Rxb3 23. Rxb3 dxc4 24. Rbb1 h6 25. Rhd1 Rb8 26. Rxb8+ Qxb8 27.
Be3 Qxh2 28. Rd4 Qxg2+ 29. Kc1 Ba3+ 30. Kd1 Qxf3+ 31. Kd2 Bc1+ 32. Kc2 Qxe3 33.
Rxc4 Qd2+ 34. Kb3 Qb2+ 35. Ka4 Qa3# 0-1

[Event "Open <1400, Pro Evolution Echecs St Lô"]
[Site "?"]
[Date "2013.07.14"]
[Round "9.1"]
[White "Clipcea, Caius"]
[Black "Juran, Paul"]
[Result "1/2-1/2"]
[WhiteElo "1298"]
[BlackElo "1200"]
[PlyCount "47"]
[SourceDate "2013.07.07"]

1. d4 e6 2. c4 c5 3. d5 Nf6 4. Nc3 g6 5. e4 h6 6. g3 Bg7 7. Bg2 O-O 8. Bf4 exd5
9. exd5 Re8+ 10. Nge2 b6 11. O-O d6 12. Nb5 Ne4 13. Bxe4 Rxe4 14. Nxd6 Rxf4 15.
Nxf4 Qxd6 16. Qe2 Be5 17. Nd3 Bg7 18. Qe8+ Qf8 19. Qxf8+ Kxf8 20. Rad1 Bf5 21.
b3 Nd7 22. f3 Bd4+ 23. Kg2 Re8 24. Rfe1 1/2-1/2

[Event "Open <1400, Pro Evolution Echecs St Lô"]
[Site "?"]
[Date "2013.07.14"]
[Round "9.2"]
[White "Lefebvre, Matthieu"]
[Black "Troubat, Alexandre"]
[Result "1/2-1/2"]
[WhiteElo "1380"]
[BlackElo "1343"]
[PlyCount "40"]
[SourceDate "2013.07.07"]

1. e4 c5 2. Nf3 d6 3. d4 cxd4 4. Nxd4 Nf6 5. Nc3 g6 6. f3 Bg7 7. Be3 O-O 8. Bc4
Nc6 9. Qd2 Bd7 10. O-O-O Rc8 11. Bb3 a6 12. g4 Na5 13. h4 Nxb3+ 14. Nxb3 Be6
15. h5 b5 16. hxg6 fxg6 17. Bh6 b4 18. Ne2 Bxh6 19. Qxh6 Rf7 20. Ned4 Qc7
1/2-1/2

[Event "Open <1400, Pro Evolution Echecs St Lô"]
[Site "?"]
[Date "2013.07.14"]
[Round "9.3"]
[White "Guerlach, Elie"]
[Black "Juran, Baptiste"]
[Result "0-1"]
[WhiteElo "1040"]
[BlackElo "1312"]
[PlyCount "44"]
[SourceDate "2013.07.07"]

1. e4 e6 2. Nf3 d5 3. exd5 exd5 4. c4 d4 5. b3 c5 6. Bd3 Nf6 7. O-O Be7 8. Ba3
O-O 9. Re1 b6 10. h3 Bb7 11. Qe2 Re8 12. Ng5 h6 13. Ne4 Nc6 14. Qd1 Ne5 15.
Nxf6+ Bxf6 16. Bc2 d3 17. b4 dxc2 18. Qxc2 Nf3+ 19. gxf3 Rxe1+ 20. Kg2 Bxa1 21.
bxc5 Qg5+ 22. Kh2 Qg1# 0-1

[Event "Open <1400, Pro Evolution Echecs St Lô"]
[Site "?"]
[Date "2013.07.14"]
[Round "9.4"]
[White "Feil, Alexander"]
[Black "Lemarchand, Arthur"]
[Result "1-0"]
[WhiteElo "1398"]
[BlackElo "1200"]
[PlyCount "53"]
[SourceDate "2013.07.07"]

1. e4 e5 2. d4 exd4 3. c3 Nf6 4. cxd4 Bb4+ 5. Nc3 Qe7 6. e5 d6 7. Nf3 Bg4 8.
Bf4 Nc6 9. Bb5 a6 10. Bxc6+ bxc6 11. O-O dxe5 12. dxe5 Rd8 13. exf6 Qxf6 14.
Qe2+ Be6 15. Bg5 Qg6 16. Bxd8 Kxd8 17. Rfd1+ Ke7 18. Ne5 Qg5 19. Nxc6+ Kf6 20.
Ne4+ Kf5 21. Nxg5 Kxg5 22. Nxb4 Re8 23. Qe5+ Kg6 24. Rd3 Bd7 25. Rg3+ Kh6 26.
Qxg7+ Kh5 27. Qxh7# 1-0

[Event "Open <1400, Pro Evolution Echecs St Lô"]
[Site "?"]
[Date "2013.07.14"]
[Round "9.5"]
[White "Aumont, Tom"]
[Black "Tribout, Alexandre"]
[Result "1-0"]
[WhiteElo "1328"]
[BlackElo "1009"]
[PlyCount "53"]
[SourceDate "2013.07.07"]

1. d4 d5 2. c4 e6 3. Nc3 Nf6 4. Bg5 Bb4 5. Nf3 h6 6. Bh4 Bxc3+ 7. bxc3 Nc6 8.
e3 Bd7 9. Be2 Ne4 10. Bxd8 Nxd8 11. cxd5 Nxc3 12. Qb3 Nxd5 13. Ne5 Bc6 14. Nxc6
Nxc6 15. Qxb7 Kd7 16. Bb5 Ndb4 17. Bxc6+ Nxc6 18. Rc1 Rhc8 19. Qxc6+ Ke7 20.
O-O Rab8 21. Qc5+ Ke8 22. Qxa7 Ra8 23. Qc5 c6 24. Qd6 Ra6 25. Rc2 f6 26. Qxe6+
Kd8 27. d5 1-0